Sociology now / (Record no. 169747)

MARC details
000 -LEADER
fixed length control field 00718cam a2200229 i 4500
005 - DATE AND TIME OF LATEST TRANSACTION
control field 20191202143429.0
010 ## - LCCN (DPL NO)
LC control number B-731109
020 ## - INTERNATIONAL STANDARD BOOK NUMBER
International Standard Book Number 9780205181056
Terms of availability 1504.00
035 ## - SYSTEM CONTROL NUMBER
System control number B-731109
037 ## - SOURCE OF ACQUISITION
Source of stock number/acquisition DBAD/Pub
Stock number dpl
082 ## - DEWEY DECIMAL CLASSIFICATION NUMBER
Edition number 301
100 1# - MAIN ENTRY--PERSONAL NAME
Personal name Kimmel, Michael
245 10 - TITLE STATEMENT
Title Sociology now /
Statement of responsibility, etc by Michael Kimmel [and] Amy Aronson
250 ## - EDITION STATEMENT
Edition statement 2nd ed.
260 ## - PUBLICATION, DISTRIBUTION, ETC. (IMPRINT)
Place of publication, distribution, etc Boston
Name of publisher, distributor, etc Pearson Allyn & Bacon
Date of publication, distribution, etc 2012
270 ## - ADDRESS
Address 501, Boylston Street, Suite 900
City Boston
Postal code MA02116
300 ## - PHYSICAL DESCRIPTION
Extent xxxii, 544p.;
Dimensions 28 cm (pbk)
Other physical details col.ill.
500 ## - GENERAL NOTE
General note including Glossary
700 ## - ADDED ENTRY--PERSONAL NAME
Personal name Aronson, Amy
942 ## - ADDED ENTRY ELEMENTS (KOHA)
Source of classification or shelving scheme Dewey Decimal Classification
Item type English Books
Classification part 301
Call number suffix KIM
Holdings
Withdrawn status Lost status Not for loan Collection code Home library Current library Date acquired Source of acquisition Cost, normal purchase price Full call number Barcode Copy number Cost, replacement price Koha item type
    Not For Loan Reference Central Library Central Library 02/12/2019 Gift/ Eng./13.11.2019 1504.00 301 KIM B-731109 1 1504.00 English Books

© Delhi Public Library
Hit Counter
free hit counter